Sacred time, sacred place : archaeology and the religion of Israel /

Bibliographic Details
Other Authors: Gittlen, Barry M.
Format: Book
Language:English
Published: Winona Lake, Ind. : Eisenbrauns, 2002.
Subjects:

MARC

Tag First Indicator Second Indicator Subfields
LEADER 00000cam a22000004a 4500
001 in00001728721
005 20151024222933.0
008 010507s2002 inu b 001 0 eng
010 |a  2001033724 
020 |a 157506054X (cloth : alk. paper) 
035 |a (OCoLC)ocm46975099 
040 |a DLC  |c DLC  |d UtOrBLW 
042 |a pcc 
043 |a aw----- 
049 |a TXAM 
050 0 0 |a BS1180  |b .S16 2002 
082 0 0 |a 221.9/3  |2 21 
245 0 0 |a Sacred time, sacred place :  |b archaeology and the religion of Israel /  |c edited by Barry M. Gittlen. 
264 1 |a Winona Lake, Ind. :  |b Eisenbrauns,  |c 2002. 
300 |a xii, 228 pages ;  |c 24 cm. 
336 |a text  |b txt  |2 rdacontent 
337 |a unmediated  |b n  |2 rdamedia 
338 |a volume  |b nc  |2 rdacarrier 
504 |a Includes bibliographical references and indexes. 
630 0 0 |a Bible.  |p Old Testament  |x Evidences, authority, etc. 
630 0 0 |a Bible.  |p Old Testament  |x Antiquities. 
650 0 |a Archaeology and religion. 
651 0 |a Middle East  |x Religion. 
650 0 |a Judaism  |x History  |y To 70 A.D. 
650 0 |a Jews  |x History  |y To 70 A.D. 
651 0 |a Middle East  |x Antiquities. 
700 1 |a Gittlen, Barry M. 
945 |i PromptCat 
948 |a cataloged  |b h  |c 2003/4/4  |d c  |e dmitchel  |f 1:02:12 pm 
994 |a 92  |b TXA 
999 |a MARS 
999 f f |s a78bd01e-d688-3f42-a8a0-2babc00f0856  |i d9a5a948-7724-3624-a2fe-8f079f36c856  |t 0 
952 f f |p ric  |a Texas A&M University  |b Rellis Campus  |c Joint Library Facility  |d Remote Storage  |t 0  |e BS1180 .S16 2002  |h Library of Congress classification  |i unmediated -- volume  |m A14830039395 
998 f f |a BS1180 .S16 2002  |t 0  |l Remote Storage